A Quiz About Rojava (Western Kurdistan) - Statistics

General Stats
  • This quiz has been taken 46 times
  • The average score is 6 of 18
Answer Stats
Hint Answer % Correct
Founder of the Kurdistan Workers' Party (PKK) Abdullah Öcalan
74%
Terrorist organisation that was significantly pushed back by the Kurdish SDF Islamic State
66%
De jure Rojava is part of which country? Syria
66%
American President who ordered the disasterous withdrawal of US troops making way for a Turkish invasion Donald Trump
63%
Slogan, famous through Mahsa Amini protests Jin, Jiyan, Azadî
57%
City recaptured by YPG and YPJ in January 2015 Kobanî
57%
"A country can't be free unless the _____ are free" Women
43%
River between Rojava and the Assad regime Euphrates
34%
Largest city within Rojava Raqqa
34%
Branch of feminism founded by him Jineology
23%
System seen as central in causing environmental destruction, sexism and social injustice Capitalism
20%
Name of the political concept by which Rojava is organised Democratic Confederalism
20%
Abbreviation of the official name of Rojava AANES
17%
Third pillar of Rojava next to feminism and direct democracy Ecology
17%
Kurmanji term meaning 'friendship' Hevaltî
9%
Smallest unit of this grassroots democratic system (ca. 50 houses) Community
3%
To people looking for alternatives to capitalist society, Rojava can serve as a Real {Utopia}
3%
System that prevents abuse of political power in Rojava Rotation
3%
No matching quizzes found
Score Distribution
Percent of People with Each Score
Percentile by Number Answered
Your Score History
You have not taken this quiz